000 01188nam2a22002531 4500
001 v19\rc\1801594
005 20250619123102.0
035 _a(NLR Aleph) 004903597
090 _a5401452
_c5401452
100 _a20071130d1907 |||y0rusy50 ca
101 0 _arus
102 _aRU
105 _ay z |||||
200 0 _aВып. 1
210 _d1907
_aБ. м.
215 _a16 с.
461 0 _1001v19\rc\1801593
_12001#$aЧтения по основному богословию в сокращенном изложении$e(В пособие при подготовке к экзаменам)$fП.Н.Е. Вып. 1-$vВып. 1
_1700#1$aЕлеонский$bН.А.$f1843-1910$gНиколай Александрович
_95401444
_aЕлеонский, Н.А. (1843-1910)
_cМосква
_d1907
_fП.Н.Е. Вып. 1-
_nУнив. тип.
_o(В пособие при подготовке к экзаменам)
_tЧтения по основному богословию в сокращенном изложении
_vВып. 1
801 0 _aRU
_bNLR
_gpsbo
801 0 _aRU
_bRuMoRGB
_2psbo
801 1 _aRU
_bProSoft-M
_2rusmarc
852 _aNLR
_j37.1.7.24
899 _aБАН
942 _cBOOK
980 _aNB